000
00338 a2200157 4500
001
46835
020
_a
9788589598507
040
_c
Anchieta - Aquarius
100
_a
Coelho, Maria Alice
240
1
0
_a
=A bruxa do 88
_l
por
245
1
0
_a
=A bruxa do 88
300
_a
362
0
_a
2013
650
4
_a
Literatura brasileira
942
_c
BK
999
_c
46835
_d
46835